[Event "Sofia MGU op 205th"]
[Site "Sofia"]
[Date "2018.02.04"]
[Round "4"]
[White "Babatov, Martin"]
[Black "Krastev, Krasimir Naidenov"]
[Result "1-0"]
[WhiteElo "1746"]
[BlackElo "1688"]
[PlyCount "95"]
[EventDate "2018.02.03"]
[EventType "swiss"]
[EventRounds "6"]
[EventCountry "BUL"]
[SourceTitle "CBM 182 Extra"]
[Source "ChessBase"]
[SourceDate "2018.02.23"]
[SourceVersion "1"]
[SourceVersionDate "2018.02.23"]
[SourceQuality "1"]

1. d4 d5 2. Bf4 Nf6 3. e3 Bf5 4. c4 dxc4 5. Bxc4 e6 6. Nc3 Bd6 7. Bxd6 cxd6 8. Qb3 Qe7 9. Nf3 0-0 10. Nh4 Be4 11. Nxe4 Nxe4 12. Nf3 Nc6 13. Rc1 d5 14. Bd3 Qb4+ 15. Qxb4 Nxb4 16. Bb1 Rfc8 17. Ke2 Nd6 18. Nd2 b5 19. a3 Nc6 20. b3 Rc7 21. Rc2 Rac8 22. Rhc1 Nf5 23. Nf3 f6 24. Rc5 Ncxd4+ 25. exd4 Nxd4+ 26. Nxd4 Rxc5 27. Rxc5 Rxc5 28. Nxe6 Rc1 29. Bd3 a6 30. a4 bxa4 31. bxa4 a5 32. Nf4 Rc5 33. Ke3 g5 34. Kd4 Rc1 35. Nxd5 Kg7 36. Ne3 h5 37. Nc4 Ra1 38. Bc2 Rc1 39. Be4 Ra1 40. Bc6 Rc1 41. Nxa5 Rc2 42. Ke3 Rc5 43. Bb5 f5 44. Nc4 Rc7 45. Kd4 Kf6 46. Ne3 Rc8 47. Nd5+ Ke6 48. Bd7+ 1-0

[Event "Sofia MGU blitz 19th"]
[Site "Sofia"]
[Date "2018.02.04"]
[Round "6"]
[White "Ganev, Daniel"]
[Black "Krastev, Krasimir Naidenov"]
[Result "0-1"]
[WhiteElo "1600"]
[BlackElo "1688"]
[PlyCount "80"]
[EventDate "2018.02.04"]
[EventType "tourn (blitz)"]
[EventRounds "15"]
[EventCountry "BUL"]
[SourceTitle "CBM 182 Extra"]
[Source "ChessBase"]
[SourceDate "2018.02.23"]
[SourceVersion "1"]
[SourceVersionDate "2018.02.23"]
[SourceQuality "1"]

1. e4 e5 2. d4 exd4 3. c3 dxc3 4. Bc4 Nf6 5. Nxc3 Bb4 6. Nge2 0-0 7. 0-0 Nc6 8. a3 Bc5 9. b4 Bb6 10. Bg5 h6 11. Bh4 g5 12. Bg3 d6 13. Kh1 Be6 14. Nd5 Ne5 15. Nxb6 axb6 16. Bxe6 fxe6 17. f4 gxf4 18. Rxf4 Nh5 19. Rh4 Nxg3+ 20. hxg3 Qg5 21. Nf4 Rf6 22. Rh5 Qxg3 23. Nh3 Qg6 24. Rc1 Ng4 25. Rb5 e5 26. Rxc7 Qh5 27. Kg1 Raf8 28. Rc2 Ne3 29. Qxh5 Rf1+ 30. Kh2 R8f7 31. Rc8+ Kg7 32. Ng5 R7f2 33. Qf7+ Rxf7 34. Nxf7 Kxf7 35. Rc7+ Ke6 36. Rxb6 Rf2 37. Rcxb7 Rxg2+ 38. Kh3 Ra2 39. Kg3 Rxa3 40. Rb8 Nd5+ 0-1

[Event "Sofia MGU blitz 19th"]
[Site "Sofia"]
[Date "2018.02.04"]
[Round "3"]
[White "Krastev, Krasimir Naidenov"]
[Black "Iliev, Dimitar"]
[Result "0-1"]
[WhiteElo "1688"]
[BlackElo "2145"]
[PlyCount "127"]
[EventDate "2018.02.04"]
[EventType "tourn (blitz)"]
[EventRounds "15"]
[EventCountry "BUL"]
[SourceTitle "CBM 182 Extra"]
[Source "ChessBase"]
[SourceDate "2018.02.23"]
[SourceVersion "1"]
[SourceVersionDate "2018.02.23"]
[SourceQuality "1"]

1. e4 c6 2. Nc3 d6 3. d4 Qc7 4. Nf3 Bg4 5. h3 Bxf3 6. Qxf3 e5 7. d5 Nf6 8. Bd3 Be7 9. 0-0 0-0 10. Bg5 Nbd7 11. b4 a5 12. bxa5 Qxa5 13. Ne2 Nc5 14. Ng3 Nxd5 15. Bxe7 Nxe7 16. Nf5 Nxf5 17. exf5 Nxd3 18. cxd3 Qc3 19. f6 g6 20. Qe3 e4 21. Rfc1 Qxf6 22. dxe4 Rfe8 23. f3 d5 24. Rab1 dxe4 25. fxe4 Rxa2 26. Rf1 Qe7 27. Qb3 Qe6 28. Qxb7 Re2 29. h4 Rxe4 30. h5 Rh4 31. hxg6 hxg6 32. Rbe1 Qxe1 33. Qxf7+ Kh8 34. Rxe1 Rxe1+ 35. Kf2 Rhe4 36. Qxg6 Re6 37. Qh5+ Kg7 38. Qg5+ Kf7 39. Qh5+ Ke7 40. Qh7+ Kd6 41. Qd3+ Kc7 42. g4 R1e5 43. Kf3 c5 44. Qc3 Kc6 45. Kf4 Rd5 46. g5 Red6 47. Qc2 Rd4+ 48. Kf5 R4d5+ 49. Kg4 Rd2 50. Qe4+ Kb5 51. Qb1+ Kc4 52. Qc1+ Kb4 53. Qb1+ Kc3 54. Qc1+ Kd3 55. Qf1+ Kc2 56. Qc4+ Kd1 57. Qf1+ Kc2 58. g6 R2d4+ 59. Kh5 R6d5+ 60. Kh6 Rh4+ 61. Kg7 Rd7+ 62. Kf6 Rdd4 63. Qf5+ Kc3 64. Qf1 0-1

[Event "Sofia MGU op 205th"]
[Site "Sofia"]
[Date "2018.02.04"]
[Round "6"]
[White "Krastev, Krasimir Naidenov"]
[Black "Metev, Martin"]
[Result "0-1"]
[WhiteElo "1688"]
[BlackElo "1892"]
[PlyCount "58"]
[EventDate "2018.02.03"]
[EventType "swiss"]
[EventRounds "6"]
[EventCountry "BUL"]
[SourceTitle "CBM 182 Extra"]
[Source "ChessBase"]
[SourceDate "2018.02.23"]
[SourceVersion "1"]
[SourceVersionDate "2018.02.23"]
[SourceQuality "1"]

1. Nf3 d5 2. d4 Nf6 3. Bf4 e6 4. e3 Nbd7 5. c4 c6 6. a3 Be7 7. Be2 dxc4 8. Bxc4 b5 9. Be2 Bb7 10. Nc3 Nh5 11. Be5 Nhf6 12. 0-0 Nxe5 13. Nxe5 Nd7 14. f4 0-0 15. Bf3 Nxe5 16. fxe5 a6 17. Ne4 Qb6 18. Qb3 Rac8 19. Bh5 c5 20. Rf4 cxd4 21. exd4 Qxd4+ 22. Kh1 Bxe4 23. Bxf7+ Rxf7 24. Rxf7 Kxf7 25. Rf1+ Ke8 26. Qxe6 Rc6 27. Qf7+ Kd7 28. Qxg7 Re6 29. h3 Qd3 0-1

[Event "Sofia MGU op 205th"]
[Site "Sofia"]
[Date "2018.02.03"]
[Round "2"]
[White "Iliev, Dimitar"]
[Black "Krastev, Krasimir Naidenov"]
[Result "1-0"]
[WhiteElo "2145"]
[BlackElo "1688"]
[PlyCount "69"]
[EventDate "2018.02.03"]
[EventType "swiss"]
[EventRounds "6"]
[EventCountry "BUL"]
[SourceTitle "CBM 182 Extra"]
[Source "ChessBase"]
[SourceDate "2018.02.23"]
[SourceVersion "1"]
[SourceVersionDate "2018.02.23"]
[SourceQuality "1"]

1. e4 c5 2. Nf3 d6 3. d4 cxd4 4. Nxd4 Nf6 5. Nc3 a6 6. g3 Nc6 7. Bg2 Nxd4 8. Qxd4 e5 9. Qd3 Be7 10. Bg5 0-0 11. Bxf6 Bxf6 12. 0-0 Be7 13. Nd5 Be6 14. Nxe7+ Qxe7 15. c4 Rfc8 16. b3 Rc5 17. Rfd1 Rd8 18. Rac1 a5 19. a3 b6 20. Bf1 g6 21. Qe3 f5 22. exf5 gxf5 23. Bg2 b5 24. cxb5 Rxb5 25. Rc3 Rdb8 26. Rb1 Qf6 27. Bf1 R5b6 28. Qe1 Bxb3 29. Rcxb3 Rxb3 30. Rxb3 Rc8 31. Qxa5 Rc1 32. Rb8+ Kg7 33. Qa7+ Kg6 34. Rg8+ Kh5 35. Qxh7+ 1-0

[Event "Sofia MGU op 204th"]
[Site "Sofia"]
[Date "2018.01.27"]
[Round "1"]
[White "Kostov, Nikolai"]
[Black "Krastev, Krasimir Naidenov"]
[Result "1-0"]
[WhiteElo "1631"]
[BlackElo "1688"]
[PlyCount "79"]
[EventDate "2018.01.27"]
[EventType "tourn"]
[EventRounds "5"]
[EventCountry "BUL"]
[SourceTitle "CBM 182 Extra"]
[Source "ChessBase"]
[SourceDate "2018.02.23"]
[SourceVersion "1"]
[SourceVersionDate "2018.02.23"]
[SourceQuality "1"]

1. d4 Nf6 2. e3 d5 3. Bd3 Bg4 4. f3 Bh5 5. c4 e6 6. Ne2 Bb4+ 7. Bd2 Bxd2+ 8. Nxd2 0-0 9. Qc2 dxc4 10. Nxc4 Nd5 11. Bxh7+ Kh8 12. Be4 b5 13. Bxd5 exd5 14. Ne5 Nd7 15. Nxd7 Qxd7 16. Nf4 Bg6 17. Nxg6+ fxg6 18. Qxg6 Qe7 19. Qh5+ Kg8 20. Qxd5+ Rf7 21. Qxa8+ Rf8 22. Qd5+ Kh8 23. Kf2 Qb4 24. Rhe1 Qxb2+ 25. Kg1 Rf6 26. Qd8+ Kh7 27. Qxc7 Rg6 28. g4 Rf6 29. Qg3 Re6 30. Qf2 Qa3 31. Rac1 a5 32. d5 Rd6 33. Rc6 Rxc6 34. dxc6 Qc3 35. Rd1 Qxc6 36. Qh4+ Kg8 37. Rd8+ Kf7 38. Qh5+ Ke7 39. Qg5+ Kf7 40. Qd5+ 1-0

[Event "Sofia MGU op 204th"]
[Site "Sofia"]
[Date "2018.01.27"]
[Round "2"]
[White "Krastev, Krasimir Naidenov"]
[Black "Simeonov, Daniel"]
[Result "1-0"]
[WhiteElo "1688"]
[BlackElo "1576"]
[PlyCount "61"]
[EventDate "2018.01.27"]
[EventType "tourn"]
[EventRounds "5"]
[EventCountry "BUL"]
[SourceTitle "CBM 182 Extra"]
[Source "ChessBase"]
[SourceDate "2018.02.23"]
[SourceVersion "1"]
[SourceVersionDate "2018.02.23"]
[SourceQuality "1"]

1. e4 c5 2. Nf3 Nc6 3. d4 cxd4 4. Nxd4 g6 5. Nxc6 bxc6 6. Qd4 f6 7. Bc4 Bg7 8. 0-0 e6 9. Re1 Ne7 10. Nc3 Qb6 11. Be3 Qxd4 12. Bxd4 Kf7 13. Rad1 Rd8 14. f4 Rb8 15. Bxa7 Rxb2 16. Bb3 d5 17. Na4 Rxb3 18. cxb3 Ba6 19. Bc5 Nc8 20. exd5 cxd5 21. Nb6 Nd6 22. Bd4 Ne4 23. Rc1 Bf8 24. Rc7+ Be7 25. Rec1 Rb8 26. Ra7 e5 27. Nxd5 Rb7 28. Rc7 exd4 29. Rxe7+ Rxe7 30. Rxe7+ Kf8 31. Rxe4 1-0

[Event "Sofia MGU op 190th"]
[Site "Sofia"]
[Date "2017.09.23"]
[Round "2"]
[White "Krustev, Krasimir S"]
[Black "Krastev, Krasimir Naidenov"]
[Result "1-0"]
[WhiteElo "1970"]
[BlackElo "1707"]
[PlyCount "55"]
[EventDate "2017.09.23"]
[EventType "swiss"]
[EventRounds "6"]
[EventCountry "BUL"]
[SourceTitle "CBM 180 Extra"]
[Source "ChessBase"]
[SourceDate "2017.10.06"]
[SourceVersion "1"]
[SourceVersionDate "2017.10.06"]
[SourceQuality "1"]

1. e4 c5 2. d4 cxd4 3. c3 d3 4. Bxd3 e5 5. Nf3 Nc6 6. Bc4 Be7 7. Qd5 d6 8. Qxf7+ Kd7 9. Qxg7 Nf6 10. Bg5 b5 11. Bxf6 bxc4 12. Qxh8 Bxf6 13. Qxd8+ Nxd8 14. Na3 Ba6 15. Nc2 Ne6 16. Nb4 Bb7 17. Nd2 Rc8 18. Nd5 Bxd5 19. exd5 Nf4 20. Ne4 Nd3+ 21. Kd2 Be7 22. g3 Rf8 23. Ke2 a5 24. b3 a4 25. b4 Rb8 26. a3 Rb5 27. Nd2 Rxd5 28. Nxc4 1-0

[Event "Sofia MGU op 172nd"]
[Site "Sofia"]
[Date "2016.09.18"]
[Round "5"]
[White "Ignatov, Bojidar"]
[Black "Krastev, Krasimir Naidenov"]
[Result "0-1"]
[WhiteElo "1931"]
[BlackElo "1682"]
[PlyCount "114"]
[EventDate "2016.09.17"]
[EventType "swiss"]
[EventRounds "6"]
[EventCountry "BUL"]
[SourceTitle "CBM 174 Extra"]
[Source "ChessBase"]
[SourceDate "2016.10.10"]
[SourceVersion "1"]
[SourceVersionDate "2016.10.10"]
[SourceQuality "1"]

1. d4 Nf6 2. c4 g6 3. Nc3 Bg7 4. e4 d6 5. Nf3 0-0 6. Be2 Nbd7 7. 0-0 e5 8. dxe5 Nxe5 9. Nxe5 dxe5 10. Bg5 c6 11. b4 Qc7 12. Qc2 Be6 13. Rfd1 Rfd8 14. Na4 b6 15. Nb2 Rd4 16. f3 Rad8 17. Be3 Rxd1+ 18. Rxd1 Rxd1+ 19. Qxd1 Qe7 20. a3 Nh5 21. c5 b5 22. g3 f5 23. Bf2 f4 24. g4 Nf6 25. Nd3 Bc4 26. Nc1 Bxe2 27. Nxe2 g5 28. h4 h6 29. Nc1 Kf8 30. Nb3 Ne8 31. Na5 Qc7 32. Kg2 a6 33. hxg5 hxg5 34. Qh1 Nf6 35. Qd1 Ke7 36. Qd6+ Qxd6 37. cxd6+ Kxd6 38. Nb7+ Kc7 39. Nc5 Kc8 40. Nxa6 Nd7 41. Kf1 Bf8 42. Ke2 Kb7 43. Nc5+ Nxc5 44. Bxc5 Bxc5 45. bxc5 Ka6 46. Kd3 Ka5 47. Kc3 Ka4 48. Kb2 b4 49. axb4 Kxb4 50. Kc2 Kc4 51. Kd2 Kd4 52. Ke2 Kxc5 53. Kd3 Kb4 54. Kd2 Kb3 55. Kd3 c5 56. Kd2 c4 57. Kd1 Kb2 0-1

[Event "Sofia MGU op 172nd"]
[Site "Sofia"]
[Date "2016.09.18"]
[Round "4"]
[White "Krastev, Krasimir Naidenov"]
[Black "Georgiev, Nikolay"]
[Result "1-0"]
[WhiteElo "1682"]
[BlackElo "1562"]
[PlyCount "117"]
[EventDate "2016.09.17"]
[EventType "swiss"]
[EventRounds "6"]
[EventCountry "BUL"]
[SourceTitle "CBM 174 Extra"]
[Source "ChessBase"]
[SourceDate "2016.10.10"]
[SourceVersion "1"]
[SourceVersionDate "2016.10.10"]
[SourceQuality "1"]

1. e4 e5 2. Nf3 Nc6 3. Bc4 Bc5 4. 0-0 d6 5. h3 Be6 6. Bxe6 fxe6 7. c3 Bb6 8. d4 Nf6 9. Re1 0-0 10. Bg5 Qe8 11. dxe5 Nxe5 12. Nxe5 dxe5 13. Nd2 Rd8 14. Qe2 h6 15. Be3 Qg6 16. Bxb6 axb6 17. Nf3 Nd7 18. Rad1 Qf6 19. Rd2 Nb8 20. Red1 Nc6 21. Rxd8 Rxd8 22. Rxd8+ Qxd8 23. b4 Qd6 24. Qd2 Qxd2 25. Nxd2 Kf7 26. Kf1 Ke7 27. a4 Nd8 28. Ke2 Nf7 29. Kd3 Nd6 30. Nf3 Nf7 31. c4 Kd6 32. Nd2 g5 33. Nb3 Kc6 34. Ke3 Nd6 35. Nd2 Kd7 36. Kf3 Ke7 37. Kg4 Kf6 38. Kh5 Kg7 39. c5 bxc5 40. bxc5 Nf7 41. Nc4 Kf6 42. Na5 Nd8 43. Kxh6 b6 44. cxb6 cxb6 45. Nc4 Nf7+ 46. Kh5 Ke7 47. Kg6 Nd8 48. Nxb6 Nb7 49. Kxg5 Nc5 50. f3 Kd6 51. Kf6 Kc6 52. a5 Kb5 53. h4 Kxa5 54. Nc4+ Kb4 55. Nxe5 Kc3 56. h5 Kd4 57. h6 Nxe4+ 58. fxe4 Kxe4 59. Kxe6 1-0

[Event "Sofia MGU op 172nd"]
[Site "Sofia"]
[Date "2016.09.17"]
[Round "1"]
[White "Krustev, Krasimir S"]
[Black "Krastev, Krasimir Naidenov"]
[Result "1-0"]
[WhiteElo "1940"]
[BlackElo "1682"]
[PlyCount "33"]
[EventDate "2016.09.17"]
[EventType "swiss"]
[EventRounds "6"]
[EventCountry "BUL"]
[SourceTitle "CBM 174 Extra"]
[Source "ChessBase"]
[SourceDate "2016.10.10"]
[SourceVersion "1"]
[SourceVersionDate "2016.10.10"]
[SourceQuality "1"]

1. e4 c5 2. d4 cxd4 3. c3 dxc3 4. Nxc3 e6 5. Bc4 Bb4 6. Nf3 Qc7 7. Qb3 Nc6 8. 0-0 Bxc3 9. Qxc3 Nf6 10. Bg5 Nxe4 11. Qxg7 Rf8 12. Bh6 Qd6 13. Rad1 Qe7 14. Qxh7 Nf6 15. Bxf8 Qxf8 16. Qh4 Qe7 17. Qh8+ 1-0

[Event "Sofia MGU op 170th"]
[Site "Sofia"]
[Date "2016.08.07"]
[Round "6"]
[White "Krastev, Krasimir Naidenov"]
[Black "Kamenov, Filip"]
[Result "1-0"]
[WhiteElo "1671"]
[BlackElo "1874"]
[PlyCount "73"]
[EventDate "2016.08.06"]
[EventType "swiss"]
[EventRounds "6"]
[EventCountry "BUL"]
[SourceTitle "CBM 173 Extra"]
[Source "ChessBase"]
[SourceDate "2016.08.29"]
[SourceVersion "1"]
[SourceVersionDate "2016.08.29"]
[SourceQuality "1"]

1. e4 c5 2. Nf3 Nc6 3. d4 cxd4 4. Nxd4 g6 5. Be3 Bg7 6. Nc3 Nf6 7. Bc4 Qa5 8. 0-0 0-0 9. f4 d6 10. Bb3 Ng4 11. Nxc6 bxc6 12. Rf3 Nxe3 13. Rxe3 Qb6 14. Qf3 Bd4 15. Nd1 Bg4 16. Qxg4 Bxe3+ 17. Kh1 Bd4 18. c3 Bc5 19. Qf3 Kg7 20. Bc4 a5 21. b3 e6 22. Nb2 d5 23. Bd3 Be7 24. Rf1 f5 25. e5 Ba3 26. Nd1 c5 27. Ne3 Bb2 28. c4 d4 29. Nd1 Ba3 30. Nf2 a4 31. Bc2 Qb4 32. Nh3 Qc3 33. Qb7+ Rf7 34. Qxa8 Qxc2 35. Ng5 d3 36. Nxe6+ Kh6 37. Qd8 1-0

[Event "Sofia MGU op 168th"]
[Site "Sofia"]
[Date "2016.06.18"]
[Round "3"]
[White "Kostov, Nikolai"]
[Black "Krastev, Krasimir Naidenov"]
[Result "1-0"]
[WhiteElo "1709"]
[BlackElo "1698"]
[PlyCount "83"]
[EventDate "2016.06.18"]
[EventType "swiss"]
[EventRounds "6"]
[EventCountry "BUL"]
[SourceTitle "CBM 173 Extra"]
[Source "ChessBase"]
[SourceDate "2016.08.29"]
[SourceVersion "1"]
[SourceVersionDate "2016.08.29"]
[SourceQuality "1"]

1. e4 c5 2. Nf3 d6 3. d4 cxd4 4. Nxd4 Nf6 5. Nc3 a6 6. Be2 e6 7. 0-0 Be7 8. Be3 0-0 9. f4 Bd7 10. f5 Nc6 11. fxe6 fxe6 12. Qd2 b5 13. a3 Nxd4 14. Bxd4 Bc6 15. Qe3 Rb8 16. e5 Nd5 17. Qg3 Nxc3 18. Rxf8+ Bxf8 19. Bxc3 Qb6+ 20. Kh1 d5 21. Qh3 Be8 22. Bd3 g6 23. Rf1 Bg7 24. Qg4 a5 25. Bd4 Qc6 26. h4 Bf7 27. h5 Qe8 28. hxg6 Bxg6 29. Rf3 Bh5 30. Bxh7+ Kxh7 31. Rh3 Qf7 32. Rxh5+ Kg8 33. Rg5 Rf8 34. c3 Qf1+ 35. Bg1 Qf7 36. Rg6 Re8 37. Be3 Kh7 38. Rxg7+ Qxg7 39. Qh5+ Kg8 40. Qxe8+ Kh7 41. Qxe6 Kh8 42. Qf6 1-0

[Event "Sofia MGU op 168th"]
[Site "Sofia"]
[Date "2016.06.18"]
[Round "2"]
[White "Krastev, Krasimir Naidenov"]
[Black "Metev, Martin"]
[Result "1/2-1/2"]
[WhiteElo "1698"]
[BlackElo "2086"]
[PlyCount "29"]
[EventDate "2016.06.18"]
[EventType "swiss"]
[EventRounds "6"]
[EventCountry "BUL"]
[SourceTitle "CBM 173 Extra"]
[Source "ChessBase"]
[SourceDate "2016.08.29"]
[SourceVersion "1"]
[SourceVersionDate "2016.08.29"]
[SourceQuality "1"]

1. e4 e6 2. d4 d5 3. exd5 exd5 4. c4 Nf6 5. Nc3 c6 6. cxd5 Nxd5 7. Nxd5 Qxd5 8. Ne2 Bb4+ 9. Nc3 0-0 10. a3 Ba5 11. b4 Qe6+ 12. Be2 Bb6 13. 0-0 Rd8 14. Be3 Nd7 15. Bg4 1/2-1/2

[Event "Sofia MGU 153rd"]
[Site "Sofia"]
[Date "2015.10.24"]
[Round "1"]
[White "Krastev, Krasimir Naidenov"]
[Black "Bozhilov, Georgi"]
[Result "1-0"]
[WhiteElo "1728"]
[BlackElo "1302"]
[PlyCount "23"]
[EventDate "2015.10.24"]
[EventType "swiss"]
[EventRounds "6"]
[EventCountry "BUL"]
[SourceTitle "CBM 168 Extra"]
[Source "ChessBase"]
[SourceDate "2015.10.29"]
[SourceVersion "1"]
[SourceVersionDate "2015.10.29"]
[SourceQuality "1"]

1. Nf3 d5 2. d4 Nf6 3. Nc3 Nc6 4. Bf4 Bf5 5. e3 e6 6. Bb5 Bd6 7. Ne5 0-0 8. 0-0 Nxe5 9. dxe5 c6 10. Bd3 Bxd3 11. cxd3 Bc7 12. exf6 1-0

[Event "Sofia MGU op 152nd"]
[Site "Sofia"]
[Date "2015.10.04"]
[Round "5"]
[White "Krastev, Krasimir Naidenov"]
[Black "Mladenov, Andrey"]
[Result "1-0"]
[WhiteElo "1728"]
[BlackElo "1604"]
[PlyCount "49"]
[EventDate "2015.10.03"]
[EventType "swiss"]
[EventRounds "6"]
[EventCountry "BUL"]
[SourceTitle "CBM 168 Extra"]
[Source "ChessBase"]
[SourceDate "2015.10.29"]
[SourceVersion "1"]
[SourceVersionDate "2015.10.29"]
[SourceQuality "1"]

1. e4 c5 2. Nf3 Nc6 3. d4 cxd4 4. Nxd4 Nf6 5. Nc3 e5 6. Ndb5 d6 7. Bg5 a6 8. Na3 b5 9. Nd5 Be7 10. Bxf6 Bxf6 11. c3 0-0 12. Nc2 Bg5 13. Bd3 g6 14. a3 Be6 15. Ncb4 Nxb4 16. axb4 Bxd5 17. exd5 e4 18. Be2 e3 19. f3 Bf4 20. g3 Qg5 21. Qd3 Bxg3+ 22. hxg3 Qxg3+ 23. Kd1 Rfe8 24. Kc2 Re5 25. Rag1 1-0

[Event "Sofia MGU op 152nd"]
[Site "Sofia"]
[Date "2015.10.03"]
[Round "3"]
[White "Krastev, Krasimir Naidenov"]
[Black "Rusev, Boris"]
[Result "1-0"]
[WhiteElo "1728"]
[BlackElo "1657"]
[PlyCount "75"]
[EventDate "2015.10.03"]
[EventType "swiss"]
[EventRounds "6"]
[EventCountry "BUL"]
[SourceTitle "CBM 168 Extra"]
[Source "ChessBase"]
[SourceDate "2015.10.29"]
[SourceVersion "1"]
[SourceVersionDate "2015.10.29"]
[SourceQuality "1"]

1. Nf3 d5 2. d4 Nf6 3. c4 e6 4. Nc3 Be7 5. h3 0-0 6. Bf4 a6 7. e3 c6 8. Bd3 Bd6 9. Ne5 Bxe5 10. dxe5 Ne8 11. Qc2 f5 12. 0-0-0 Nd7 13. g4 Nc5 14. gxf5 Nxd3+ 15. Rxd3 Rxf5 16. cxd5 cxd5 17. Bg3 Qg5 18. Kb1 Rxe5 19. h4 Qh5 20. Bxe5 Qxe5 21. f4 Qf5 22. Rd2 Qxc2+ 23. Kxc2 Bd7 24. Kb1 Bc6 25. Rg1 Nd6 26. Ne2 Nf5 27. Nd4 Nxd4 28. Rxd4 h6 29. Rd2 Rf8 30. Rdg2 Rf7 31. Rg6 Kh7 32. Rxe6 Bd7 33. Re5 Bf5+ 34. Ka1 Be4 35. Rc1 Rd7 36. b3 Bd3 37. Rd1 Be4 38. Rxe4 1-0

[Event "Sofia MGU op 132nd"]
[Site "Sofia"]
[Date "2015.01.17"]
[Round "1"]
[White "Popvasilev, Kalojan"]
[Black "Krastev, Krasimir Naidenov"]
[Result "0-1"]
[WhiteElo "1594"]
[BlackElo "1757"]
[PlyCount "68"]
[EventDate "2015.01.17"]
[EventType "swiss"]
[EventRounds "6"]
[EventCountry "BUL"]
[SourceTitle "CBM 164 Extra"]
[Source "ChessBase"]
[SourceDate "2015.03.02"]
[SourceVersion "1"]
[SourceVersionDate "2015.03.02"]
[SourceQuality "1"]

1. e4 c5 2. Nf3 d6 3. d4 cxd4 4. Nxd4 Nf6 5. Nc3 e6 6. f4 a6 7. Qf3 Be7 8. Be3 0-0 9. Bd3 Qc7 10. 0-0 Nc6 11. e5 dxe5 12. Nxc6 bxc6 13. fxe5 Qxe5 14. Kh1 Bd6 15. Bf4 Qxf4 16. Qxf4 Bxf4 17. Rxf4 Nd5 18. Nxd5 cxd5 19. Raf1 Rb8 20. b3 e5 21. Ra4 Rb6 22. Ra5 e4 23. Be2 Bb7 24. Rd1 Rd6 25. c4 d4 26. c5 Rdd8 27. c6 Bxc6 28. Bxa6 Rfe8 29. b4 d3 30. b5 e3 31. bxc6 e2 32. Rg1 e1Q 33. c7 Qxa5 34. cxd8Q Rxd8 0-1

[Event "Sofia MGU op 82nd"]
[Site "Sofia"]
[Date "2013.04.06"]
[Round "1"]
[White "Krastev, Krasimir Naidenov"]
[Black "Iliev, Dimitar"]
[Result "0-1"]
[WhiteElo "1763"]
[BlackElo "2145"]
[PlyCount "60"]
[EventDate "2013.04.06"]
[EventType "swiss"]
[EventRounds "6"]
[EventCountry "BUL"]
[SourceTitle "CBM 153 Extra"]
[Source "ChessBase"]
[SourceDate "2013.04.22"]
[SourceVersion "1"]
[SourceVersionDate "2013.04.22"]
[SourceQuality "1"]

1. Nf3 Nf6 2. c4 d6 3. d4 c6 4. Nc3 Qc7 5. Bf4 Nbd7 6. e4 e5 7. Bg3 Be7 8. Bd3 0-0 9. 0-0 Nh5 10. Nxe5 Nxg3 11. Nxd7 Nxf1 12. Nxf8 Nxh2 13. Kxh2 Bxf8 14. f4 Qb6 15. e5 Qxb2 16. Ne4 Qxd4 17. Qh5 Qxd3 18. Re1 Be6 19. f5 Bxc4 20. Qg5 Kh8 21. Re3 h6 22. Qf4 dxe5 23. Qf2 Qf1 24. Qg3 Qf4 25. Qxf4 exf4 26. Rh3 Bd5 27. Nf2 Bd6 28. Ng4 f3+ 29. g3 Re8 30. f6 Re2+ 0-1

[Event "BUL-ch U26"]
[Site "Sofia"]
[Date "2012.11.10"]
[Round "4"]
[White "Krastev, Krasimir Naidenov"]
[Black "Krustev, Vasil"]
[Result "0-1"]
[WhiteElo "1768"]
[BlackElo "2106"]
[PlyCount "54"]
[EventDate "2012.11.07"]
[EventType "swiss"]
[EventRounds "7"]
[EventCountry "BUL"]
[SourceTitle "EXT 2014"]
[Source "ChessBase"]
[SourceDate "2013.11.20"]
[SourceVersion "1"]
[SourceVersionDate "2013.11.20"]
[SourceQuality "1"]

1. d4 Nf6 2. Bg5 Ne4 3. Bf4 d5 4. Nf3 c5 5. e3 Nc6 6. Be2 g6 7. 0-0 Bg7 8. c3 0-0 9. Nbd2 cxd4 10. cxd4 Nxd2 11. Qxd2 Bf5 12. Rfc1 Rc8 13. b4 a6 14. a3 Qb6 15. Rc5 Rfd8 16. Rac1 Bf8 17. b5 axb5 18. Rxb5 Qa7 19. Qb2 e5 20. Rxb7 Qa8 21. Rxc6 Rxc6 22. Nxe5 Bxa3 23. Qb6 Rc1+ 24. Bf1 Be6 25. Nc6 Rc8 26. Bc7 Bd7 27. Rb8 Qxc6 0-1

[Event "BUL-ch U26"]
[Site "Sofia"]
[Date "2011.11.03"]
[Round "2"]
[White "Dimitrov, Alexander"]
[Black "Krastev, Krasimir Naidenov"]
[Result "1-0"]
[WhiteElo "2004"]
[BlackElo "1804"]
[PlyCount "57"]
[EventDate "2011.11.02"]
[EventType "swiss"]
[EventRounds "7"]
[EventCountry "BUL"]
[SourceTitle "EXT 2012"]
[Source "ChessBase"]
[SourceDate "2011.11.24"]
[SourceVersion "1"]
[SourceVersionDate "2011.11.24"]
[SourceQuality "1"]

1. e4 e6 2. d4 d5 3. e5 c5 4. c3 Nc6 5. f4 a6 6. Nf3 b5 7. Be3 c4 8. Nbd2 b4 9. g4 Rb8 10. Bh3 Bd7 11. 0-0 Na7 12. f5 h6 13. Qc2 Qa5 14. g5 bxc3 15. fxe6 fxe6 16. bxc3 Ne7 17. Nh4 Ba4 18. Qc1 Kd7 19. Rf7 Nb5 20. Ng6 Rg8 21. Qf1 Qxc3 22. Re1 Nxd4 23. Nxf8+ Rgxf8 24. Rxf8 Rxf8 25. Qxf8 Nc2 26. Bc5 Nxe1 27. Qxe7+ Kc8 28. Bxe6+ Kb8 29. Qa7# 1-0